Main Area Codes by State - USA - Statistics

General Stats
  • This quiz has been taken 197 times
  • The average score is 12 of 50
Answers on the Map
Answers color-coded by a green-red scale on the quiz's map according to % correct below.
 
Answer Stats
Answer % Correct
201
38%
207
38%
808
38%
907
38%
208
35%
212
35%
304
35%
205
32%
303
32%
313
32%
406
32%
702
32%
203
29%
206
29%
305
29%
401
29%
802
29%
213
26%
314
26%
405
26%
414
26%
505
26%
603
26%
302
24%
307
24%
404
24%
503
24%
602
24%
803
24%
913
24%
410
24%
216
21%
317
21%
502
21%
504
21%
515
21%
601
21%
615
21%
617
21%
801
21%
214
18%
402
18%
612
18%
804
18%
215
15%
217
15%
704
15%
640
12%
604
6%
605
6%
No matching quizzes found
Score Distribution
Percent of People with Each Score
Percentile by Number Answered
Your Score History
You have not taken this quiz